00378nam a2200121Ia 4500008004100000041000800041082000800049100005700057245009400114260002200208300002000230440000600250221007s9999 xx 000 0 und d aeng bPUJ aPuja Mone - 2k161095 & Mrs. Pradnya Kashikar - Guide aEmpirical Study Of It Security Practices In Business Enterprise With Quantifiable Metrics c2017bHnimraPune a70pcHard Bound v1